| 000 | 00400nam a22001217a 4500 | ||
|---|---|---|---|
| 040 | _cRUA | ||
| 082 | _aSUP THO 2013 C108 Or. | ||
| 100 | _aTHO KIM EANG, | ||
| 245 | _aThe Cambodian Research Workshop,Book of Handouts 4th January 2013 Royal University Of Agriculture phnom penh, Cambodia All right reserved c 2013 | ||
| 260 |
_a PHNOM PENH _bRUA _c2013 |
||
| 300 |
_a139p, _bill, _c29cm, |
||
| 942 | _cEK | ||
| 999 |
_c25439 _d25439 |
||